000 00587nam a2200193Ia 4500
003 GCL
005 20240530095451.0
008 140319s9999 xx 000 0 ara d
020 _a5038835691
040 _aGCL /
_cGCL
082 0 4 _a813.02
_bط/ل س
100 1 _aلاندستروم.اولف لينا
245 1 0 _aسعد يذهب الى البريد /
_cلاندستروم.اولف لينا
260 _aالسويد :
_bدار المنى ،
_c1995
300 _a24 سم ؛
_c27 سم
650 0 4 _aالقصص القصيرة
650 0 4 _aقصص الاطفال
942 _2ddc
_cBK
999 _c7562
_d7562